| 000 | 00514cam a2200157 4500500 | ||
|---|---|---|---|
| 005 | 20251012015547.0 | ||
| 041 | _afre | ||
| 042 | _adc | ||
| 100 | 1 | 0 |
_aDebard, Monique _eauthor |
| 700 | 1 | 0 |
_a de Botton, Marie-Laure _eauthor |
| 245 | 0 | 0 | _aLes nouvelles de l’AFIC |
| 260 | _c2024. | ||
| 500 | _a12 | ||
| 786 | 0 | _nBulletin Infirmier du Cancer | 25 | 3 | 2024-09-16 | p. 97-98 | 1628-2205 | |
| 856 | 4 | 1 | _uhttps://shs.cairn.info/revue-bulletin-infirmier-du-cancer-2024-3-page-97?lang=fr&redirect-ssocas=7080 |
| 999 |
_c1532511 _d1532511 |
||